000 00312nam a2200109Ia 4500
008 231129s9999||||xx |||||||||||||| ||spa||
082 _a345 P438in
100 _aPérez Pinzón Alvaro Orlando
245 0 _aIntroducción al derecho penal
264 _aBogotá Colombia : Ediciones Forum Pacis
942 _2ddc
_cBKS
999 _c15956
_d15956